[Event "IM/GM Round-Robin"]
[Site "Heerlen and Maastricht, NL"]
[Date "2024.05.19"]
[Round "7"]
[White "Pham, Khoi"]
[Black "Lodici, Lorenzo"]
[Result "0-1"]
[Board "1"]
[WhiteFideId "1054988"]
[BlackFideId "884189"]
[WhiteTitle "FM"]
[BlackTitle "GM"]
[WhiteElo "2399"]
[BlackElo "2563"]
[WhiteTeam "NED"]
[BlackTeam "ITA"]
[WhiteClock "0:10:58"]
[BlackClock "0:59:20"]
[Variant "Standard"]

1. Nf3 {[%clk 1:59:03]}  d5 {[%clk 1:55:17]} 2. g3 {[%clk 1:58:54]}  Nc6 {[%clk 1:54:15]} 3. d4 {[%clk 1:58:45]}  Bf5 {[%clk 1:54:21]} 4. Bg2 {[%clk 1:58:01]}  Nb4 {[%clk 1:54:27]} 5. Na3 {[%clk 1:57:42]}  e6 {[%clk 1:54:38]} 6. O-O {[%clk 1:55:26]}  h6 {[%clk 1:54:36]} 7. Ne5 {[%clk 1:53:31]}  Ne7 {[%clk 1:51:01]} 8. c3 {[%clk 1:46:43]}  Nbc6 {[%clk 1:49:52]} 9. Qa4 {[%clk 1:46:41]}  Nc8 {[%clk 1:46:45]} 10. Nxc6 {[%clk 1:30:08]}  Qd7 {[%clk 1:46:49]} 11. Qb3 {[%clk 1:29:48]}  bxc6 {[%clk 1:42:44]} 12. c4 {[%clk 1:23:52]}  a5 {[%clk 1:42:25]} 13. c5 {[%clk 1:06:18]}  g5 {[%clk 1:38:40]} 14. Qa4 {[%clk 1:02:22]}  Bg7 {[%clk 1:38:12]} 15. Nc4 {[%clk 0:55:28]}  Ne7 {[%clk 1:32:55]} 16. Ne5 {[%clk 0:51:24]}  Qc8 {[%clk 1:32:59]} 17. Bd2 {[%clk 0:43:38]}  f6 {[%clk 1:28:33]} 18. Nd3 {[%clk 0:42:47]}  h5 {[%clk 1:27:00]} 19. f4 {[%clk 0:36:53]}  g4 {[%clk 1:24:29]} 20. Nf2 {[%clk 0:36:16]}  Qd7 {[%clk 1:22:57]} 21. b4 {[%clk 0:34:25]}  e5 {[%clk 1:19:24]} 22. bxa5 {[%clk 0:29:21]}  h4 {[%clk 1:18:34]} 23. dxe5 {[%clk 0:27:02]}  fxe5 {[%clk 1:18:46]} 24. Bc3 {[%clk 0:27:07]}  hxg3 {[%clk 1:14:10]} 25. hxg3 {[%clk 0:26:42]}  Qe6 {[%clk 1:10:13]} 26. Nd3 {[%clk 0:21:35]}  Qh6 {[%clk 1:01:51]} 27. Kf2 {[%clk 0:13:50]}  exf4 {[%clk 1:00:45]} 28. Bxg7 {[%clk 0:14:00]}  fxg3+ {[%clk 1:00:44]} 29. Ke1 {[%clk 0:14:05]}  Qxg7 {[%clk 1:00:45]} 30. Rxf5 {[%clk 0:12:52]}  Qc3+ {[%clk 0:59:08]} 31. Kd1 {[%clk 0:12:58]}  Rxa5 {[%clk 0:59:11]} 32. Qxa5 {[%clk 0:10:58]}  Qxa5 {[%clk 0:59:20]} 0-1

[Event "IM/GM Round-Robin"]
[Site "Heerlen and Maastricht, NL"]
[Date "2024.05.19"]
[Round "7"]
[White "Feuerstack, Aljoscha"]
[Black "Vandenbussche, Thibaut"]
[Result "0-1"]
[Board "2"]
[WhiteFideId "4681932"]
[BlackFideId "204412"]
[WhiteTitle "IM"]
[BlackTitle "IM"]
[WhiteElo "2487"]
[BlackElo "2424"]
[WhiteTeam "GER"]
[BlackTeam "BEL"]
[WhiteClock "0:01:27"]
[BlackClock "0:04:25"]
[Variant "Standard"]

1. e4 {[%clk 2:00:16]}  d6 {[%clk 2:00:24]} 2. d4 {[%clk 2:00:25]}  Nf6 {[%clk 2:00:37]} 3. Nc3 {[%clk 2:00:35]}  e5 {[%clk 2:00:48]} 4. Nf3 {[%clk 2:00:44]}  Nbd7 {[%clk 2:01:00]} 5. h3 {[%clk 2:00:53]}  c6 {[%clk 2:00:20]} 6. g4 {[%clk 2:00:54]}  h6 {[%clk 1:47:46]} 7. a4 {[%clk 2:00:25]}  Be7 {[%clk 1:43:18]} 8. Be3 {[%clk 2:00:12]}  Qa5 {[%clk 1:40:35]} 9. Qd2 {[%clk 1:53:12]}  b5 {[%clk 1:34:36]} 10. b4 {[%clk 1:52:19]}  Qxb4 {[%clk 1:34:42]} 11. axb5 {[%clk 1:52:23]}  c5 {[%clk 1:27:34]} 12. dxc5 {[%clk 1:26:41]}  Nxc5 {[%clk 1:27:39]} 13. Na4 {[%clk 0:58:11]}  Qxe4 {[%clk 1:13:41]} 14. Nxc5 {[%clk 0:53:53]}  dxc5 {[%clk 1:13:26]} 15. Bg2 {[%clk 0:53:45]}  Qb7 {[%clk 1:12:53]} 16. O-O {[%clk 0:47:32]}  e4 {[%clk 1:13:00]} 17. Ne5 {[%clk 0:43:00]}  O-O {[%clk 1:13:13]} 18. Nc6 {[%clk 0:39:29]}  Re8 {[%clk 1:04:37]} 19. Ra5 {[%clk 0:37:03]}  Bf8 {[%clk 0:57:10]} 20. f4 {[%clk 0:35:07]}  Be6 {[%clk 0:47:24]} 21. Ne5 {[%clk 0:25:04]}  Nd7 {[%clk 0:46:03]} 22. Nc6 {[%clk 0:22:51]}  Bc4 {[%clk 0:34:59]} 23. Rd1 {[%clk 0:18:11]}  Nb6 {[%clk 0:34:23]} 24. Ne5 {[%clk 0:16:43]}  Be6 {[%clk 0:28:07]} 25. Qe1 {[%clk 0:14:59]}  Nc4 {[%clk 0:26:44]} 26. Ra4 {[%clk 0:11:53]}  Nxe5 {[%clk 0:22:20]} 27. Rxe4 {[%clk 0:04:56]}  Bxg4 {[%clk 0:20:09]} 28. hxg4 {[%clk 0:03:39]}  Nf3+ {[%clk 0:20:05]} 29. Bxf3 {[%clk 0:03:52]}  Rxe4 {[%clk 0:20:19]} 30. Qf2 {[%clk 0:03:21]}  Rae8 {[%clk 0:20:06]} 31. Bxc5 {[%clk 0:00:48]}  Qc8 {[%clk 0:14:03]} 32. Bxf8 {[%clk 0:00:52]}  Kxf8 {[%clk 0:14:14]} 33. Qd2 {[%clk 0:00:42]}  Rc4 {[%clk 0:12:58]} 34. Rc1 {[%clk 0:00:31]}  Qc7 {[%clk 0:11:47]} 35. f5 {[%clk 0:00:34]}  Qg3+ {[%clk 0:11:20]} 36. Qg2 {[%clk 0:00:48]}  Re1+ {[%clk 0:09:50]} 37. Rxe1 {[%clk 0:01:01]}  Qxe1+ {[%clk 0:10:01]} 38. Kh2 {[%clk 0:01:14]}  Qe5+ {[%clk 0:08:10]} 39. Kh1 {[%clk 0:01:05]}  Qe1+ {[%clk 0:06:27]} 40. Kh2 {[%clk 0:01:19]}  Rf4 {[%clk 0:05:28]} 41. Qh3 {[%clk 0:01:27]}  Qf2+ {[%clk 0:04:39]} 42. Bg2 {[%clk 0:01:38]}  Kg8 {[%clk 0:04:24]} 43. f6 {[%clk 0:01:03]}  Rxf6 {[%clk 0:04:30]} 44. Qd3 {[%clk 0:01:16]}  Qf4+ {[%clk 0:04:33]} 45. Kh3 {[%clk 0:01:27]}  Re6 {[%clk 0:04:25]} 0-1

[Event "IM/GM Round-Robin"]
[Site "Heerlen and Maastricht, NL"]
[Date "2024.05.19"]
[Round "7"]
[White "De Winter, Arthur"]
[Black "Van Dael, Siem"]
[Result "1-0"]
[Board "3"]
[WhiteFideId "1069020"]
[BlackFideId "1049771"]
[WhiteTitle "IM"]
[BlackTitle "FM"]
[WhiteElo "2407"]
[BlackElo "2275"]
[WhiteTeam "NED"]
[BlackTeam "NED"]
[WhiteClock "0:02:22"]
[BlackClock "0:00:16"]
[Variant "Standard"]

1. d4 {[%clk 2:00:01]}  Nf6 {[%clk 1:55:00]} 2. c4 {[%clk 2:00:12]}  g6 {[%clk 1:55:06]} 3. Nc3 {[%clk 2:00:24]}  Bg7 {[%clk 1:55:16]} 4. e4 {[%clk 2:00:35]}  d6 {[%clk 1:55:27]} 5. Be2 {[%clk 2:00:46]}  Nbd7 {[%clk 1:52:59]} 6. Nf3 {[%clk 2:00:39]}  e5 {[%clk 1:52:43]} 7. O-O {[%clk 2:00:44]}  O-O {[%clk 1:52:40]} 8. Be3 {[%clk 2:00:55]}  exd4 {[%clk 1:52:31]} 9. Nxd4 {[%clk 2:01:02]}  Re8 {[%clk 1:51:46]} 10. f3 {[%clk 1:59:44]}  c6 {[%clk 1:40:50]} 11. Nb3 {[%clk 1:39:02]}  Ne5 {[%clk 1:36:17]} 12. Bd4 {[%clk 1:23:06]}  g5 {[%clk 1:24:21]} 13. Qd2 {[%clk 1:10:33]}  Nh5 {[%clk 1:16:59]} 14. Be3 {[%clk 1:07:33]}  Nf4 {[%clk 1:04:30]} 15. Bxf4 {[%clk 0:52:18]}  gxf4 {[%clk 1:04:38]} 16. Qxf4 {[%clk 0:52:25]}  Be6 {[%clk 0:57:20]} 17. Rfd1 {[%clk 0:52:24]}  Bxc4 {[%clk 0:46:42]} 18. Kh1 {[%clk 0:47:29]}  Bxb3 {[%clk 0:41:05]} 19. axb3 {[%clk 0:47:33]}  Re6 {[%clk 0:41:07]} 20. Qe3 {[%clk 0:44:04]}  Qh4 {[%clk 0:30:45]} 21. f4 {[%clk 0:41:26]}  Ng4 {[%clk 0:29:27]} 22. Bxg4 {[%clk 0:41:33]}  Qxg4 {[%clk 0:29:37]} 23. h3 {[%clk 0:41:22]}  Qh5 {[%clk 0:26:54]} 24. Rd3 {[%clk 0:35:30]}  a6 {[%clk 0:18:38]} 25. Qb6 {[%clk 0:29:58]}  Rae8 {[%clk 0:10:21]} 26. Qxb7 {[%clk 0:28:30]}  Qc5 {[%clk 0:09:44]} 27. Rf3 {[%clk 0:20:16]}  a5 {[%clk 0:08:06]} 28. Qa6 {[%clk 0:18:27]}  Bxc3 {[%clk 0:05:31]} 29. Rxc3 {[%clk 0:18:07]}  Qf2 {[%clk 0:05:44]} 30. Rf1 {[%clk 0:16:27]}  Qxb2 {[%clk 0:05:52]} 31. Qxc6 {[%clk 0:15:29]}  Qe2 {[%clk 0:03:31]} 32. Rg3+ {[%clk 0:09:48]}  Kf8 {[%clk 0:03:45]} 33. Ra1 {[%clk 0:09:25]}  Qxe4 {[%clk 0:03:31]} 34. Qc3 {[%clk 0:09:38]}  Rg6 {[%clk 0:02:24]} 35. Qh8+ {[%clk 0:09:32]}  Ke7 {[%clk 0:02:37]} 36. Qxh7 {[%clk 0:09:41]}  Reg8 {[%clk 0:00:56]} 37. Rg4 {[%clk 0:06:16]}  Kf8 {[%clk 0:00:39]} 38. Rc1 {[%clk 0:04:08]}  Qf5 {[%clk 0:00:16]} 39. Rc7 {[%clk 0:03:14]}  Qe6 {[%clk 0:00:18]} 40. Ra7 {[%clk 0:02:01]}  Rxg4 {[%clk 0:00:19]} 41. hxg4 {[%clk 0:02:13]}  Rxg4 {[%clk 0:00:16]} 42. Qh8+ {[%clk 0:02:22]} 1-0

[Event "IM/GM Round-Robin"]
[Site "Heerlen and Maastricht, NL"]
[Date "2024.05.19"]
[Round "7"]
[White "Van Meegen, Ruud"]
[Black "Kramer, Julian"]
[Result "0-1"]
[Board "4"]
[WhiteFideId "1034995"]
[BlackFideId "12921742"]
[WhiteTitle "FM"]
[BlackTitle "IM"]
[WhiteElo "2291"]
[BlackElo "2479"]
[WhiteTeam "NED"]
[BlackTeam "GER"]
[WhiteClock "0:00:27"]
[BlackClock "0:20:31"]
[Variant "Standard"]

1. Nf3 {[%clk 2:00:26]}  Nf6 {[%clk 2:00:14]} 2. g3 {[%clk 2:00:34]}  g6 {[%clk 2:00:23]} 3. b3 {[%clk 2:00:24]}  Bg7 {[%clk 2:00:27]} 4. Bb2 {[%clk 2:00:33]}  d6 {[%clk 2:00:37]} 5. d4 {[%clk 2:00:32]}  c5 {[%clk 1:55:26]} 6. Bg2 {[%clk 1:55:01]}  Qa5+ {[%clk 1:55:34]} 7. Qd2 {[%clk 1:52:08]}  Qxd2+ {[%clk 1:55:40]} 8. Nbxd2 {[%clk 1:52:17]}  Nfd7 {[%clk 1:49:56]} 9. O-O {[%clk 1:37:12]}  Nc6 {[%clk 1:47:05]} 10. e3 {[%clk 1:34:53]}  O-O {[%clk 1:45:28]} 11. Rab1 {[%clk 1:34:05]}  a5 {[%clk 1:42:13]} 12. a4 {[%clk 1:28:45]}  Rb8 {[%clk 1:29:48]} 13. Rfd1 {[%clk 1:23:06]}  b6 {[%clk 1:26:22]} 14. dxc5 {[%clk 1:08:36]}  Bxb2 {[%clk 1:23:43]} 15. Rxb2 {[%clk 1:08:45]}  bxc5 {[%clk 1:23:37]} 16. Nc4 {[%clk 1:07:54]}  Ba6 {[%clk 1:20:53]} 17. Nfd2 {[%clk 1:04:30]}  Nde5 {[%clk 1:20:45]} 18. Bf1 {[%clk 0:53:27]}  Nxc4 {[%clk 1:13:12]} 19. Bxc4 {[%clk 0:53:27]}  Bc8 {[%clk 1:10:11]} 20. Bb5 {[%clk 0:51:06]}  Na7 {[%clk 1:09:28]} 21. Nc4 {[%clk 0:45:16]}  Nxb5 {[%clk 1:05:25]} 22. axb5 {[%clk 0:45:08]}  Rxb5 {[%clk 1:05:37]} 23. Ra1 {[%clk 0:44:58]}  Bf5 {[%clk 0:56:03]} 24. Rxa5 {[%clk 0:42:39]}  Rxa5 {[%clk 0:56:00]} 25. Nxa5 {[%clk 0:42:47]}  Ra8 {[%clk 0:55:45]} 26. Nc4 {[%clk 0:40:03]}  Ra1+ {[%clk 0:41:43]} 27. Kg2 {[%clk 0:40:13]}  Rc1 {[%clk 0:41:53]} 28. Na3 {[%clk 0:39:50]}  g5 {[%clk 0:41:41]} 29. f3 {[%clk 0:26:50]}  Ra1 {[%clk 0:34:44]} 30. Nc4 {[%clk 0:23:56]}  Be6 {[%clk 0:33:50]} 31. Nd2 {[%clk 0:23:53]}  Rd1 {[%clk 0:33:18]} 32. c4 {[%clk 0:22:54]}  g4 {[%clk 0:33:02]} 33. Kf2 {[%clk 0:14:07]}  Kg7 {[%clk 0:30:54]} 34. f4 {[%clk 0:13:30]}  Rh1 {[%clk 0:27:03]} 35. Nf1 {[%clk 0:02:27]}  Bf5 {[%clk 0:27:01]} 36. Rd2 {[%clk 0:01:04]}  Be4 {[%clk 0:27:06]} 37. Rd5 {[%clk 0:00:56]}  f5 {[%clk 0:23:45]} 38. Rd2 {[%clk 0:01:01]}  Kf7 {[%clk 0:23:17]} 39. Rd1 {[%clk 0:01:01]}  Ke6 {[%clk 0:23:16]} 40. Ra1 {[%clk 0:00:48]}  Kd7 {[%clk 0:23:00]} 41. Ra7+ {[%clk 0:00:41]}  Kd8 {[%clk 0:23:11]} 42. Ra1 {[%clk 0:00:30]}  Kc8 {[%clk 0:23:06]} 43. Ra2 {[%clk 0:00:28]}  Kb7 {[%clk 0:22:40]} 44. Ra1 {[%clk 0:00:21]}  Kb6 {[%clk 0:22:32]} 45. Rd1 {[%clk 0:00:18]}  h6 {[%clk 0:21:14]} 46. Rd2 {[%clk 0:00:23]}  Ka5 {[%clk 0:20:55]} 47. Ke2 {[%clk 0:00:27]}  Kb4 {[%clk 0:20:31]} 0-1

[Event "IM/GM Round-Robin"]
[Site "Heerlen and Maastricht, NL"]
[Date "2024.05.19"]
[Round "7"]
[White "Fier, Alexandr"]
[Black "Ernst, Sipke"]
[Result "1-0"]
[Board "5"]
[WhiteFideId "2107139"]
[BlackFideId "1004689"]
[WhiteTitle "GM"]
[BlackTitle "GM"]
[WhiteElo "2574"]
[BlackElo "2528"]
[WhiteTeam "BRA"]
[BlackTeam "NED"]
[WhiteClock "1:01:31"]
[BlackClock "0:04:53"]
[Variant "Standard"]

1. d4 {[%clk 2:00:22]}  Nf6 {[%clk 2:00:07]} 2. c4 {[%clk 2:00:32]}  c6 {[%clk 1:58:33]} 3. Nc3 {[%clk 2:00:34]}  d5 {[%clk 1:58:44]} 4. e3 {[%clk 2:00:45]}  e6 {[%clk 1:57:21]} 5. Nf3 {[%clk 2:00:45]}  Nbd7 {[%clk 1:57:33]} 6. Qc2 {[%clk 2:00:54]}  Bd6 {[%clk 1:57:46]} 7. b3 {[%clk 2:01:04]}  O-O {[%clk 1:57:37]} 8. Be2 {[%clk 2:01:15]}  b6 {[%clk 1:57:18]} 9. O-O {[%clk 2:01:25]}  Bb7 {[%clk 1:57:31]} 10. Bb2 {[%clk 2:01:36]}  Rc8 {[%clk 1:57:43]} 11. Rad1 {[%clk 1:57:38]}  c5 {[%clk 1:52:06]} 12. cxd5 {[%clk 1:57:26]}  exd5 {[%clk 1:46:58]} 13. Bd3 {[%clk 1:54:09]}  a6 {[%clk 1:40:02]} 14. dxc5 {[%clk 1:47:54]}  Nxc5 {[%clk 1:37:36]} 15. Bf5 {[%clk 1:48:01]}  Rc7 {[%clk 1:33:15]} 16. Qb1 {[%clk 1:48:08]}  g6 {[%clk 1:17:47]} 17. Bh3 {[%clk 1:47:51]}  Nfe4 {[%clk 1:04:18]} 18. Nxe4 {[%clk 1:44:07]}  Nxe4 {[%clk 1:02:51]} 19. Qa1 {[%clk 1:44:16]}  Re8 {[%clk 0:57:00]} 20. g3 {[%clk 1:40:31]}  a5 {[%clk 0:56:30]} 21. Bg2 {[%clk 1:39:38]}  Qa8 {[%clk 0:52:09]} 22. Ne5 {[%clk 1:32:36]}  Bxe5 {[%clk 0:28:53]} 23. Bxe5 {[%clk 1:32:46]}  Rce7 {[%clk 0:29:06]} 24. Bd4 {[%clk 1:31:12]}  b5 {[%clk 0:26:25]} 25. Bxe4 {[%clk 1:27:10]}  dxe4 {[%clk 0:23:18]} 26. Bf6 {[%clk 1:27:20]}  Re6 {[%clk 0:21:20]} 27. Bh8 {[%clk 1:26:24]}  f6 {[%clk 0:21:33]} 28. Bxf6 {[%clk 1:26:35]}  Bc6 {[%clk 0:21:38]} 29. Rd2 {[%clk 1:25:11]}  Qb7 {[%clk 0:21:18]} 30. Rfd1 {[%clk 1:23:35]}  Qf7 {[%clk 0:21:28]} 31. Bg5 {[%clk 1:18:58]}  Qg7 {[%clk 0:20:56]} 32. Qxg7+ {[%clk 1:18:35]}  Kxg7 {[%clk 0:21:08]} 33. g4 {[%clk 1:18:41]}  h6 {[%clk 0:19:50]} 34. Bd8 {[%clk 1:18:49]}  a4 {[%clk 0:19:31]} 35. Kg2 {[%clk 1:18:36]}  g5 {[%clk 0:19:04]} 36. Rc1 {[%clk 1:15:07]}  Rf8 {[%clk 0:17:35]} 37. Rc5 {[%clk 1:14:39]}  Rf7 {[%clk 0:17:02]} 38. Ba5 {[%clk 1:14:48]}  Rfe7 {[%clk 0:15:07]} 39. Bc3+ {[%clk 1:14:36]}  Kf7 {[%clk 0:12:39]} 40. Kg3 {[%clk 1:14:43]}  Re8 {[%clk 0:11:39]} 41. h4 {[%clk 1:13:07]}  gxh4+ {[%clk 0:11:50]} 42. Kxh4 {[%clk 1:13:19]}  Rg8 {[%clk 0:10:50]} 43. Rf5+ {[%clk 1:12:39]}  Kg6 {[%clk 0:09:39]} 44. bxa4 {[%clk 1:11:31]}  bxa4 {[%clk 0:09:51]} 45. Rb2 {[%clk 1:11:42]}  Rge8 {[%clk 0:07:48]} 46. Rb6 {[%clk 1:11:46]}  R8e7 {[%clk 0:07:34]} 47. Rf8 {[%clk 1:10:54]}  Bd5 {[%clk 0:05:54]} 48. Rbb8 {[%clk 1:08:40]}  Rc6 {[%clk 0:05:46]} 49. Bb4 {[%clk 1:05:56]}  Rf7 {[%clk 0:05:56]} 50. Rg8+ {[%clk 1:06:02]}  Rg7 {[%clk 0:06:05]} 51. Rxg7+ {[%clk 1:06:14]}  Kxg7 {[%clk 0:06:17]} 52. a3 {[%clk 1:06:26]}  Rg6 {[%clk 0:06:05]} 53. Bc3+ {[%clk 1:04:57]}  Kf7 {[%clk 0:06:14]} 54. Rb4 {[%clk 1:05:09]}  Bc6 {[%clk 0:06:05]} 55. Rc4 {[%clk 1:05:20]}  Re6 {[%clk 0:05:30]} 56. Kh5 {[%clk 1:04:08]}  Ke7 {[%clk 0:05:19]} 57. Bg7 {[%clk 1:03:34]}  Be8+ {[%clk 0:05:32]} 58. Kh4 {[%clk 1:03:44]}  Bc6 {[%clk 0:05:31]} 59. Rc5 {[%clk 1:02:42]}  Rg6 {[%clk 0:04:20]} 60. Bd4 {[%clk 1:02:52]}  Bd7 {[%clk 0:04:22]} 61. Re5+ {[%clk 1:03:00]}  Re6 {[%clk 0:04:33]} 62. Rf5 {[%clk 1:03:12]}  Rg6 {[%clk 0:04:29]} 63. Rf4 {[%clk 1:03:25]}  Bc6 {[%clk 0:04:20]} 64. Bc5+ {[%clk 1:03:04]}  Ke6 {[%clk 0:04:34]} 65. Bd4 {[%clk 1:03:01]}  Ke7 {[%clk 0:04:47]} 66. Bc3 {[%clk 1:03:09]}  Bd5 {[%clk 0:04:36]} 67. Bb4+ {[%clk 1:03:10]}  Ke6 {[%clk 0:04:41]} 68. Kh5 {[%clk 1:03:01]}  Rf6 {[%clk 0:04:53]} 69. Bc3 {[%clk 1:01:31]} 1-0

[Event "IM/GM Round-Robin"]
[Site "Heerlen and Maastricht, NL"]
[Date "2024.05.19"]
[Round "8"]
[White "Lodici, Lorenzo"]
[Black "Ernst, Sipke"]
[Result "1/2-1/2"]
[Board "1"]
[WhiteFideId "884189"]
[BlackFideId "1004689"]
[WhiteTitle "GM"]
[BlackTitle "GM"]
[WhiteElo "2563"]
[BlackElo "2528"]
[WhiteTeam "ITA"]
[BlackTeam "NED"]
[WhiteClock "1:36:56"]
[BlackClock "1:55:40"]
[Variant "Standard"]

1. e4 {[%clk 1:52:10]}  e5 {[%clk 2:00:26]} 2. Nf3 {[%clk 1:52:21]}  Nc6 {[%clk 2:00:23]} 3. Bb5 {[%clk 1:52:29]}  a6 {[%clk 2:00:34]} 4. Ba4 {[%clk 1:52:42]}  Nf6 {[%clk 2:00:46]} 5. d3 {[%clk 1:51:25]}  d6 {[%clk 2:00:40]} 6. c3 {[%clk 1:51:08]}  g6 {[%clk 2:00:48]} 7. h3 {[%clk 1:51:20]}  Bg7 {[%clk 2:00:59]} 8. O-O {[%clk 1:51:29]}  O-O {[%clk 2:01:11]} 9. Be3 {[%clk 1:51:36]}  Nb8 {[%clk 2:00:00]} 10. Nbd2 {[%clk 1:50:22]}  b5 {[%clk 1:59:58]} 11. Bc2 {[%clk 1:47:22]}  Bb7 {[%clk 2:00:08]} 12. Re1 {[%clk 1:46:33]}  Re8 {[%clk 1:58:43]} 13. Nf1 {[%clk 1:46:19]}  Nbd7 {[%clk 1:58:11]} 14. Ng3 {[%clk 1:46:27]}  c5 {[%clk 1:57:31]} 15. Qd2 {[%clk 1:43:36]}  d5 {[%clk 1:55:40]} 16. a4 {[%clk 1:36:56]} 1/2-1/2

[Event "IM/GM Round-Robin"]
[Site "Heerlen and Maastricht, NL"]
[Date "2024.05.19"]
[Round "8"]
[White "Kramer, Julian"]
[Black "Fier, Alexandr"]
[Result "1/2-1/2"]
[Board "2"]
[WhiteFideId "12921742"]
[BlackFideId "2107139"]
[WhiteTitle "IM"]
[BlackTitle "GM"]
[WhiteElo "2479"]
[BlackElo "2574"]
[WhiteTeam "GER"]
[BlackTeam "BRA"]
[WhiteClock "1:54:39"]
[BlackClock "1:53:11"]
[Variant "Standard"]

1. e4 {[%clk 2:00:17]}  c5 {[%clk 2:00:28]} 2. Nf3 {[%clk 2:00:28]}  d6 {[%clk 2:00:40]} 3. Bb5+ {[%clk 2:00:39]}  Bd7 {[%clk 2:00:51]} 4. Bxd7+ {[%clk 2:00:49]}  Nxd7 {[%clk 2:01:02]} 5. O-O {[%clk 2:00:58]}  Ngf6 {[%clk 2:01:15]} 6. Qe2 {[%clk 2:01:08]}  e6 {[%clk 2:01:26]} 7. b3 {[%clk 2:00:12]}  g6 {[%clk 2:01:29]} 8. Bb2 {[%clk 2:00:20]}  Bg7 {[%clk 2:01:40]} 9. d4 {[%clk 1:57:02]}  cxd4 {[%clk 2:01:50]} 10. Nxd4 {[%clk 1:55:51]}  Nc5 {[%clk 1:55:33]} 11. Nd2 {[%clk 1:54:39]}  O-O {[%clk 1:53:11]} 1/2-1/2

[Event "IM/GM Round-Robin"]
[Site "Heerlen and Maastricht, NL"]
[Date "2024.05.19"]
[Round "8"]
[White "Van Dael, Siem"]
[Black "Van Meegen, Ruud"]
[Result "0-1"]
[Board "3"]
[WhiteFideId "1049771"]
[BlackFideId "1034995"]
[WhiteTitle "FM"]
[BlackTitle "FM"]
[WhiteElo "2275"]
[BlackElo "2291"]
[WhiteTeam "NED"]
[BlackTeam "NED"]
[WhiteClock "0:22:22"]
[BlackClock "0:02:55"]
[Variant "Standard"]

1. e4 {[%clk 2:00:26]}  c6 {[%clk 2:00:24]} 2. d4 {[%clk 2:00:23]}  d5 {[%clk 2:00:33]} 3. e5 {[%clk 2:00:16]}  Bf5 {[%clk 2:00:29]} 4. h4 {[%clk 2:00:25]}  h5 {[%clk 2:00:33]} 5. c4 {[%clk 2:00:33]}  e6 {[%clk 2:00:30]} 6. Nc3 {[%clk 2:00:44]}  Bb4 {[%clk 1:56:55]} 7. Qb3 {[%clk 1:59:01]}  a5 {[%clk 1:56:59]} 8. a3 {[%clk 1:56:46]}  Bxc3+ {[%clk 1:56:37]} 9. bxc3 {[%clk 1:56:44]}  Qd7 {[%clk 1:47:04]} 10. c5 {[%clk 1:55:49]}  a4 {[%clk 1:35:33]} 11. Qd1 {[%clk 1:52:55]}  Qc7 {[%clk 1:30:29]} 12. Bd3 {[%clk 1:51:16]}  Ne7 {[%clk 1:28:42]} 13. Rb1 {[%clk 1:51:14]}  Nd7 {[%clk 1:25:56]} 14. Nf3 {[%clk 1:49:34]}  b6 {[%clk 1:22:21]} 15. cxb6 {[%clk 1:48:56]}  Nxb6 {[%clk 1:22:29]} 16. O-O {[%clk 1:48:58]}  O-O {[%clk 1:20:56]} 17. Ng5 {[%clk 1:48:21]}  g6 {[%clk 1:15:57]} 18. Bxf5 {[%clk 1:38:18]}  Nxf5 {[%clk 1:15:45]} 19. g4 {[%clk 1:37:48]}  Ng7 {[%clk 1:12:59]} 20. Nh3 {[%clk 1:35:44]}  Nd7 {[%clk 1:04:37]} 21. Bh6 {[%clk 1:34:35]}  Qd8 {[%clk 0:58:17]} 22. Ng5 {[%clk 1:33:28]}  hxg4 {[%clk 0:50:09]} 23. Qxg4 {[%clk 1:32:45]}  f5 {[%clk 0:49:49]} 24. exf6 {[%clk 1:31:00]}  Nxf6 {[%clk 0:49:43]} 25. Qh3 {[%clk 1:30:39]}  Qd7 {[%clk 0:44:49]} 26. Rfe1 {[%clk 1:28:33]}  Nfh5 {[%clk 0:31:55]} 27. Rb2 {[%clk 1:18:21]}  Rab8 {[%clk 0:27:03]} 28. Rxb8 {[%clk 1:14:26]}  Rxb8 {[%clk 0:27:13]} 29. Bxg7 {[%clk 1:14:07]}  Nxg7 {[%clk 0:27:12]} 30. Qd3 {[%clk 1:13:45]}  e5 {[%clk 0:19:13]} 31. Qg3 {[%clk 1:09:30]}  Re8 {[%clk 0:17:21]} 32. dxe5 {[%clk 1:06:59]}  Qf5 {[%clk 0:17:17]} 33. Nh3 {[%clk 1:04:32]}  Nh5 {[%clk 0:14:50]} 34. Qg2 {[%clk 1:03:55]}  Kg7 {[%clk 0:14:42]} 35. f4 {[%clk 0:46:55]}  Nxf4 {[%clk 0:14:51]} 36. Nxf4 {[%clk 0:47:06]}  Qxf4 {[%clk 0:15:02]} 37. Qf2 {[%clk 0:47:14]}  Qg4+ {[%clk 0:12:28]} 38. Kh2 {[%clk 0:46:57]}  Rf8 {[%clk 0:12:01]} 39. Qg3 {[%clk 0:46:53]}  Qxg3+ {[%clk 0:10:32]} 40. Kxg3 {[%clk 0:47:02]}  Kf7 {[%clk 0:04:31]} 41. Rb1 {[%clk 0:37:56]}  Ke6 {[%clk 0:04:24]} 42. Rb4 {[%clk 0:37:58]}  Kxe5 {[%clk 0:04:06]} 43. Rxa4 {[%clk 0:38:06]}  c5 {[%clk 0:03:12]} 44. Rg4 {[%clk 0:35:30]}  Rf6 {[%clk 0:03:02]} 45. a4 {[%clk 0:34:13]}  d4 {[%clk 0:02:56]} 46. Rg5+ {[%clk 0:34:12]}  Ke4 {[%clk 0:02:55]} 47. cxd4 {[%clk 0:29:04]}  cxd4 {[%clk 0:03:07]} 48. h5 {[%clk 0:28:57]}  gxh5 {[%clk 0:03:19]} 49. Rxh5 {[%clk 0:29:10]}  d3 {[%clk 0:03:29]} 50. Rh8 {[%clk 0:29:08]}  d2 {[%clk 0:02:39]} 51. Rd8 {[%clk 0:27:59]}  Ke3 {[%clk 0:02:49]} 52. Re8+ {[%clk 0:28:06]}  Kd3 {[%clk 0:03:02]} 53. Rd8+ {[%clk 0:28:16]}  Ke2 {[%clk 0:03:14]} 54. Re8+ {[%clk 0:28:26]}  Kd1 {[%clk 0:03:26]} 55. Rc8 {[%clk 0:27:53]}  Rf5 {[%clk 0:03:21]} 56. Rc7 {[%clk 0:26:59]}  Rd5 {[%clk 0:02:48]} 57. Kf2 {[%clk 0:27:05]}  Rd3 {[%clk 0:02:56]} 58. a5 {[%clk 0:27:00]}  Ra3 {[%clk 0:03:08]} 59. Ra7 {[%clk 0:23:27]}  Rc3 {[%clk 0:02:45]} 60. Rd7 {[%clk 0:22:22]}  Kc1 {[%clk 0:02:55]} 0-1